• 首页
  • 本馆介绍
  • 公告通知
  • 最新文献
  • 馆藏检索
  • 电子资源
  • 读者导购
  • 参考咨询
  • 我的图书馆
  • 登录
  • 详细信息显示
  • 放入我的书架
  • 预约/预借图书
  • 作者相关作品
  • 分类相关作品
  • 丛书相关作品
  • 出版社相关作品

书目信息

  • 表格格式
  • 工作单格式
  • 卡片格式
题名:
电力机车制动技术
    
 
作者: 陈君 , 吴明华 , 郑小磊 主编
分册:  
出版信息: 成都   西南交通大学出版社  2017.08
页数: 215页
开本: 26cm
丛书名:
单 册:
中图分类: U264.91
科图分类:
主题词: 电力机车--车辆制动--高等职业教育--教材
电子资源:
ISBN: 978-7-5643-5391-9
000 00972nam0 2200253 450
001 5239
005 20181014155644.79
010    @a978-7-5643-5391-9@dCNY39.00
100    @a20180217d2017 em y0chiy50 ea
101 0  @achi
102    @aCN@b510000
105    @aa z 000yy
200 1  @a电力机车制动技术@9dian li ji che zhi dong ji shu@f陈君,吴明华,郑小磊主编
210    @a成都@c西南交通大学出版社@d2017.08
215    @a215页@c图@d26cm
300    @a高等职业教育轨道交通类校企合作系列教材
330    @a本书配套知识内容以SS4G型电力机车HXD3型电力机车制动系统为主线,将知识和实际技能逐步展开,DK-1型电空制动机试验台综合实验、制动机试验、制动机应急故障处理、CCB-型电空制动机等。
606 0  @a电力机车@x车辆制动@x高等职业教育@j教材
690    @aU264.91@v5
701  0 @a陈君@9chen jun@c(女,@f1988-)@4主编
701  0 @a吴明华@9wu ming hua@c(电力机车)@4主编
701  0 @a郑小磊@9zheng xiao lei@4主编
801  0 @aCN@b91MARC@c20180217
905    @aMuseLib@dU264.91@e796
    
    电力机车制动技术/陈君,吴明华,郑小磊主编.-成都:西南交通大学出版社,2017.08
    215页:图;26cm
    高等职业教育轨道交通类校企合作系列教材
    
    ISBN 978-7-5643-5391-9:CNY39.00
    本书配套知识内容以SS4G型电力机车HXD3型电力机车制动系统为主线,将知识和实际技能逐步展开,DK-1型电空制动机试验台综合实验、制动机试验、制动机应急故障处理、CCB-型电空制动机等。
●
相关链接 在E读中查询图书 在五车中查询图书 在当当中查询图书 在豆瓣中查询图书


正题名:电力机车制动技术     索取号:U264.91/796         预约/预借

序号 登录号 条形码 馆藏地/架位号 状态 备注
1 1128764   211287640   第二样本阅览室/ [索取号:U264.91/796] 在馆    
2 1128765   211287659   密集书库-物理学院/ [索取号:U264.91/796] 在馆    
3 1128766   211287668   第三借阅区/ [索取号:U264.91/796] 在馆    
4 1128767   211287677   第三借阅区/ [索取号:U264.91/796] 在馆    
5 1128768   211287686   第三借阅区/ [索取号:U264.91/796] 在馆    
唐山师范学院图书馆 欢迎您!
大连网信软件有限公司© 版权所有